| 000 | 01408nem0a2200337 4500 | ||
|---|---|---|---|
| 001 | RU\NLR\cart\7296 | ||
| 005 | 20250617204828.0 | ||
| 010 | _a5-88570-059-1 | ||
| 035 | _a(NLR Aleph) 004277401 | ||
| 090 |
_a2329638 _c2329638 |
||
| 100 | _a20120411d2006 |||y0rusy50 ca | ||
| 101 | 0 | _aeng | |
| 102 | _aRU | ||
| 120 | _abya xx|| | ||
| 123 | 0 | _aa | |
| 200 | 1 |
_aInternational Economic Relations of the Far East Federal District _bКарты _eAtlas _fComp. and prep. for publ. by the Economic Research Inst. of the Far Eastern Branch of the Russian Academy of Sciences _gD.S. Vishnevsky [et al.] _gEx. ed. P.A. Minakir |
|
| 206 | _aБ. м-ба | ||
| 210 |
_aKhabarovsk _cRIOTIP _d2006 |
||
| 215 |
_a1 атл. (46 с.) _cцв., текст, диагр., граф. _d22х30 см |
||
| 300 | _aВ надзаг.: Russian Academy of Sciences far Eastern Branch, Economic Research Inst. | ||
| 509 | 0 | 1 |
_7ca _aДальневосточный _hфедеральный округ _92633983 _3RU\NLR\auth_crt\55811 |
| 606 | 0 |
_aОбщеэкономические _92177949 _3RU\NLR\auth_crt\66109 |
|
| 606 | 0 |
_aТорговли карты _xКомплексные _92177718 _3RU\NLR\auth_crt\666 |
|
| 620 | _aРоссия | ||
| 702 | 1 |
_aVishnevsky _bD. S. _4070 |
|
| 702 | 1 |
_aMinakir _bP. A. _4340 |
|
| 801 | 0 |
_aRU _bNLR _c20120411 _gPSBO |
|
| 852 |
_aNLR _bК _j4-Дв 6/509 _m08-50 |
||
| 942 | _cMAP | ||
| 980 | _aNB | ||